UM Logo

Applied auditing/ (Record no. 3031)

MARC details
000 -LEADER
fixed length control field 00519nam a22001697a 4500
008 - FIXED-LENGTH DATA ELEMENTS--GENERAL INFORMATION
fixed length control field 160604b xxu||||| |||| 00| 0 eng d
082 ## - DEWEY DECIMAL CLASSIFICATION NUMBER
Edition number 2002
Classification number DFil 657.45
Item number C11
100 ## - MAIN ENTRY--PERSONAL NAME
9 (RLIN) 10120
Personal name Cabrera, Ma. Elenita B.
245 ## - TITLE STATEMENT
Title Applied auditing/
Statement of responsibility, etc. Ma. Elenita B. Cabrera
250 ## - EDITION STATEMENT
Edition statement 2002 Edition
260 ## - PUBLICATION, DISTRIBUTION, ETC. (IMPRINT)
Place of publication, distribution, etc. Manila:
Name of publisher, distributor, etc. GIC Enterprises & Co.,Inc.,
Date of publication, distribution, etc. c2002.
300 ## - PHYSICAL DESCRIPTION
Extent xiii, 630 pages:
Other physical details illustrations;
Dimensions 24 cm.
500 ## - GENERAL NOTE
General note Include references
650 #0 - SUBJECT ADDED ENTRY--TOPICAL TERM
9 (RLIN) 10122
Topical term or geographic name as entry element Auditing
365 ## - TRADE PRICE
Price amount 330.00
Currency code Php.
942 ## - ADDED ENTRY ELEMENTS (KOHA)
Source of classification or shelving scheme Dewey Decimal Classification
Koha item type Filipiniana
Holdings
Withdrawn status Lost status Source of classification or shelving scheme Damaged status Not for loan Collection code Home library Current library Shelving location Date acquired Source of acquisition Total Checkouts Full call number Barcode Date last seen Date last checked out Cost, replacement price Price effective from Koha item type
    Dewey Decimal Classification     Filipiniana UM Digos College - LIC UM Digos College - LIC Book Cart 07/02/2004 Purchased 14 DFil 657.45 C11 2002 17416 05/15/2025 09/16/2019 330.00 06/04/2016 Filipiniana